[Event "Miedzyzdroje OB Seniors 24th"]
[Site "Miedzyzdroje"]
[Date "2016.06.23"]
[Round "7"]
[White "Zoltek, Tadeusz"]
[Black "Kupfer, Michael"]
[Result "1-0"]
[WhiteElo "2100"]
[BlackElo "2106"]
[PlyCount "73"]
[EventDate "2016.06.17"]
[EventType "swiss"]
[EventRounds "9"]
[EventCountry "POL"]
[SourceTitle "EXT 2019"]
[Source "ChessBase"]
[SourceDate "2018.10.10"]
[SourceVersion "1"]
[SourceVersionDate "2018.10.10"]
[SourceQuality "1"]

1. c4 e6 2. Nf3 d5 3. g3 c5 4. Bg2 Nf6 5. 0-0 Be7 6. cxd5 exd5 7. d4 0-0 8. Nc3 Nc6 9. Bg5 c4 10. Ne5 Be6 11. b3 Qa5 12. Nxc6 bxc6 13. Na4 Rad8 14. e3 Bf5 15. Bxf6 Bxf6 16. Nc5 cxb3 17. axb3 Qc7 18. Qd2 Be7 19. Qa5 Qb6 20. b4 Rb8 21. Qxa7 Qd8 22. Ra6 Bxc5 23. Qxc5 Bd3 24. Rxc6 Rb5 25. Qd6 Bxf1 26. Kxf1 Qa8 27. Bxd5 Qb8 28. Qxb8 Rfxb8 29. Bc4 Rxb4 30. d5 R4b6 31. Rc5 Kf8 32. e4 R8b7 33. e5 f6 34. d6 Ke8 35. Be6 Rb8 36. d7+ Ke7 37. Rc8 1-0

[Event "Miedzyzdroje OB Seniors 24th"]
[Site "Miedzyzdroje"]
[Date "2016.06.22"]
[Round "6"]
[White "Kupfer, Michael"]
[Black "Komysheva, Margarita"]
[Result "1-0"]
[WhiteElo "2106"]
[BlackElo "2017"]
[PlyCount "87"]
[EventDate "2016.06.17"]
[EventType "swiss"]
[EventRounds "9"]
[EventCountry "POL"]
[SourceTitle "EXT 2019"]
[Source "ChessBase"]
[SourceDate "2018.10.10"]
[SourceVersion "1"]
[SourceVersionDate "2018.10.10"]
[SourceQuality "1"]

1. e4 c5 2. a3 d6 3. b4 Nf6 4. Nc3 g6 5. g3 Bg7 6. Rb1 cxb4 7. axb4 0-0 8. Bg2 Nbd7 9. Nge2 Nb6 10. 0-0 a6 11. d3 Qc7 12. Bd2 h6 13. h3 Bd7 14. Nd5 Nfxd5 15. exd5 Ba4 16. Be3 Nd7 17. Rc1 Bb2 18. Qd2 Bxc1 19. Rxc1 h5 20. Bh6 Rfc8 21. c4 Kh7 22. g4 Nf6 23. Qf4 Be8 24. Bf8 Ng8 25. gxh5 e5 26. dxe6 fxe6 27. hxg6+ Bxg6 28. Qh4+ Nh6 29. Qxh6+ Kg8 30. Qxg6+ Kxf8 31. Nf4 Qf7 32. Nxe6+ Ke7 33. Qxf7+ Kxf7 34. Ng5+ Kg6 35. Bxb7 Kxg5 36. Bxa8 Rxa8 37. Ra1 Kf4 38. Ra5 Kf3 39. Kf1 Kf4 40. b5 Rh8 41. bxa6 Rxh3 42. a7 Rh8 43. a8Q Rxa8 44. Rxa8 1-0

[Event "Miedzyzdroje OB Seniors 24th"]
[Site "Miedzyzdroje"]
[Date "2016.06.17"]
[Round "1"]
[White "Berger, Volkmar"]
[Black "Kupfer, Michael"]
[Result "0-1"]
[WhiteElo "1723"]
[BlackElo "2106"]
[PlyCount "70"]
[EventDate "2016.06.17"]
[EventType "swiss"]
[EventRounds "9"]
[EventCountry "POL"]
[SourceTitle "EXT 2019"]
[Source "ChessBase"]
[SourceDate "2018.10.10"]
[SourceVersion "1"]
[SourceVersionDate "2018.10.10"]
[SourceQuality "1"]

1. d4 Nf6 2. c4 c5 3. d5 b5 4. cxb5 a6 5. Bg5 Ne4 6. Nf3 Qa5+ 7. Bd2 Nxd2 8. Qxd2 axb5 9. e4 b4 10. Be2 g6 11. Ne5 d6 12. Nc4 Qc7 13. 0-0 Bg7 14. Qc2 0-0 15. Nbd2 Nd7 16. a3 Ba6 17. axb4 cxb4 18. Ra4 Rfb8 19. Rfa1 Nc5 20. Ra5 Bxc4 21. Nxc4 Rxa5 22. Rxa5 Qb7 23. b3 Ra8 24. Rxa8+ Qxa8 25. f3 Qa1+ 26. Bd1 Qd4+ 27. Kf1 Nd3 28. Qe2 Bh6 29. Bc2 Nc1 30. Qe1 Qa1 31. g3 Qa2 32. Bd1 Qxh2 33. Qf2 Qh1+ 34. Qg1 Qh5 35. f4 Qxd1+ 0-1

[Event "Berlin Lichtenberger op 14th"]
[Site "Berlin"]
[Date "2015.08.18"]
[Round "4"]
[White "Birkestrand, Odd"]
[Black "Kupfer, Michael"]
[Result "0-1"]
[WhiteElo "1789"]
[BlackElo "2065"]
[PlyCount "66"]
[EventDate "2015.08.15"]
[EventType "swiss"]
[EventRounds "9"]
[EventCountry "GER"]
[SourceTitle "EXT 2016"]
[Source "ChessBase"]
[SourceDate "2015.10.08"]
[SourceVersion "1"]
[SourceVersionDate "2015.10.08"]
[SourceQuality "1"]

1. e4 Nf6 2. Nc3 d6 3. d4 e5 4. dxe5 dxe5 5. Qxd8+ Kxd8 6. Bg5 Be6 7. Bxf6+ gxf6 8. 0-0-0+ Kc8 9. g3 Bc5 10. f3 c6 11. Bh3 Kc7 12. Bxe6 fxe6 13. Nge2 Nd7 14. Rd3 h5 15. Na4 Be7 16. Rhd1 Rad8 17. a3 b5 18. Nac3 Nc5 19. Rxd8 Bxd8 20. b4 Nb7 21. Na2 Nd6 22. Kb2 Be7 23. Kb3 Nc4 24. Nac1 a5 25. Nc3 h4 26. g4 Nxa3 27. Kxa3 axb4+ 28. Kb3 bxc3 29. Kxc3 Ra8 30. h3 c5 31. Nb3 c4 32. Nd2 Ra3+ 33. Kb2 c3+ 0-1

[Event "Rostock SSC op 13th"]
[Site "Rostock"]
[Date "2014.07.27"]
[Round "7"]
[White "Kupfer, Michael"]
[Black "Vuorisalo, Veli Matti"]
[Result "1/2-1/2"]
[WhiteElo "2052"]
[BlackElo "2180"]
[PlyCount "35"]
[EventDate "2014.07.23"]
[EventType "swiss"]
[EventRounds "7"]
[EventCountry "GER"]
[SourceTitle "EXT 2018"]
[Source "ChessBase"]
[SourceDate "2017.10.13"]
[SourceVersion "1"]
[SourceVersionDate "2017.10.13"]
[SourceQuality "1"]

1. e4 c5 2. a3 Nc6 3. b4 cxb4 4. axb4 Nxb4 5. d4 d5 6. c3 Nc6 7. exd5 Qxd5 8. Na3 Bf5 9. Nc4 Nf6 10. Ne3 Qd7 11. d5 Ne5 12. Qd4 Neg4 13. Nxf5 Qxf5 14. Bb5+ Kd8 15. Rxa7 Rxa7 16. Qxa7 Kc7 17. Qa5+ Kc8 18. Qa8+ 1/2-1/2

[Event "Rostock SSC op 13th"]
[Site "Rostock"]
[Date "2014.07.25"]
[Round "5"]
[White "Kupfer, Michael"]
[Black "Uffelmann, Hans Georg"]
[Result "1-0"]
[WhiteElo "2052"]
[BlackElo "2035"]
[PlyCount "81"]
[EventDate "2014.07.23"]
[EventType "swiss"]
[EventRounds "7"]
[EventCountry "GER"]
[SourceTitle "EXT 2018"]
[Source "ChessBase"]
[SourceDate "2017.10.13"]
[SourceVersion "1"]
[SourceVersionDate "2017.10.13"]
[SourceQuality "1"]

1. e4 c5 2. a3 e6 3. b4 cxb4 4. axb4 Nf6 5. e5 Nd5 6. b5 d6 7. c4 Nb6 8. Bb2 d5 9. Na3 Be7 10. Qc2 dxc4 11. Bxc4 0-0 12. Nf3 a6 13. Bd3 h6 14. Nc4 Nxc4 15. Bxc4 Nd7 16. 0-0 Nb6 17. Bb3 axb5 18. Rxa8 Nxa8 19. Qe4 Qe8 20. Rc1 Nb6 21. Bd4 Na4 22. Bc2 g6 23. h4 Bd7 24. Qf4 Kg7 25. Be3 Rh8 26. Nh2 h5 27. Nf3 Bc6 28. Ng5 Bxg5 29. Qxg5 Qd8 30. Qg3 Rh7 31. Bg5 Qd4 32. Re1 Qg4 33. Qh2 Kf8 34. Bd1 Qd4 35. Qg3 Nb2 36. Qa3+ b4 37. Qa8+ Be8 38. Qxb7 Nd3 39. Qe7+ Kg7 40. Bf6+ Kh6 41. Qf8+ 1-0

[Event "Rostock SSC op 13th"]
[Site "Rostock"]
[Date "2014.07.23"]
[Round "2"]
[White "Kupfer, Michael"]
[Black "Epishin, Vladimir"]
[Result "0-1"]
[WhiteElo "2052"]
[BlackElo "2556"]
[PlyCount "36"]
[EventDate "2014.07.23"]
[EventType "swiss"]
[EventRounds "7"]
[EventCountry "GER"]
[SourceTitle "EXT 2018"]
[Source "ChessBase"]
[SourceDate "2017.10.13"]
[SourceVersion "1"]
[SourceVersionDate "2017.10.13"]
[SourceQuality "1"]

1. e4 g6 2. d4 Bg7 3. Nf3 d6 4. Be2 c5 5. 0-0 cxd4 6. Nxd4 Nc6 7. Nxc6 bxc6 8. Nd2 Nf6 9. e5 dxe5 10. Bf3 Qc7 11. Re1 0-0 12. c4 Nd7 13. Rb1 a5 14. b3 f5 15. Ba3 e4 16. Be2 c5 17. Nf1 Bb7 18. Ne3 e6 0-1

[Event "Bad Woerishofen op 30th"]
[Site "Bad Woerishofen"]
[Date "2014.03.23"]
[Round "7"]
[White "Kupfer, Michael"]
[Black "Semenova, Irina"]
[Result "0-1"]
[WhiteElo "2049"]
[BlackElo "2243"]
[PlyCount "40"]
[EventDate "2014.03.21"]
[EventType "swiss"]
[EventRounds "9"]
[EventCountry "GER"]
[SourceTitle "CBM 159 Extra"]
[Source "ChessBase"]
[SourceDate "2014.04.24"]
[SourceVersion "1"]
[SourceVersionDate "2014.04.24"]
[SourceQuality "1"]

1. e4 e5 2. Nf3 Nc6 3. c3 Nf6 4. d4 Nxe4 5. d5 Ne7 6. Nxe5 Ng6 7. Qf3 Nf6 8. Nxg6 hxg6 9. Be3 Rh5 10. g4 Rxd5 11. Bc4 Re5 12. 0-0 d5 13. Qg3 Re4 14. Be2 Bxg4 15. Bd3 Re6 16. Nd2 Bd6 17. Qh4 Bh5 18. Bg5 Qd7 19. c4 dxc4 20. Bxc4 Re7 0-1

[Event "Berlin Lichtenberger op 10th"]
[Site "Berlin"]
[Date "2011.08.18"]
[Round "6"]
[White "Weber, Dirk"]
[Black "Kupfer, Michael"]
[Result "1-0"]
[WhiteElo "2271"]
[BlackElo "2049"]
[PlyCount "51"]
[EventDate "2011.08.13"]
[EventType "swiss"]
[EventRounds "9"]
[EventCountry "GER"]
[SourceTitle "CBM 143 Extra"]
[Source "ChessBase"]
[SourceDate "2011.08.29"]
[SourceVersion "1"]
[SourceVersionDate "2011.08.29"]
[SourceQuality "1"]

1. e4 d6 2. d4 Nf6 3. Nc3 e5 4. Nf3 Nbd7 5. Bc4 Be7 6. dxe5 dxe5 7. 0-0 0-0 8. h3 c6 9. a4 a5 10. Qe2 Qc7 11. Nh4 Nc5 12. Nf5 Be6 13. b3 Rfe8 14. Nxe7+ Qxe7 15. Ba3 Nfd7 16. Bxe6 Qxe6 17. Rad1 f5 18. exf5 Qxf5 19. Rd6 Kh8 20. Rfd1 e4 21. Qg4 Qe5 22. Qg3 Qf5 23. Qe3 Rac8 24. Ne2 Rc7 25. Ng3 Qe5 26. f4 1-0

[Event "Arctic Chess Challenge"]
[Site "Tromsoe"]
[Date "2010.08.05"]
[Round "6"]
[White "Kupfer, Michael"]
[Black "Nomat, Emil Lion"]
[Result "1-0"]
[WhiteElo "2085"]
[BlackElo "1826"]
[PlyCount "57"]
[EventDate "2010.07.31"]
[EventType "swiss"]
[EventRounds "9"]
[EventCountry "NOR"]
[SourceTitle "CBM 137 Extra"]
[Source "ChessBase"]
[SourceDate "2010.09.01"]
[SourceVersion "1"]
[SourceVersionDate "2010.09.01"]
[SourceQuality "1"]

1. e4 c5 2. Nf3 d6 3. d4 cxd4 4. Nxd4 Nf6 5. Nc3 a6 6. h3 b5 7. g4 Bb7 8. Bg2 e6 9. 0-0 b4 10. Nd5 exd5 11. exd5 Be7 12. Nf5 0-0 13. Re1 Re8 14. g5 Nfd7 15. Bf4 Nf8 16. Qd4 f6 17. Bxd6 Ng6 18. Qxb4 Qd7 19. Nxe7+ Nxe7 20. Rxe7 Rxe7 21. Bxe7 a5 22. Qe4 Kf7 23. gxf6 Na6 24. Qe6+ Qxe6 25. dxe6+ Kxe6 26. Bxb7 Ra7 27. Re1+ Kf7 28. Bd5+ Kg6 29. f7 1-0

[Event "Arctic Chess Challenge"]
[Site "Tromsoe"]
[Date "2010.08.03"]
[Round "4"]
[White "Kupfer, Michael"]
[Black "Salomon, Johan"]
[Result "1/2-1/2"]
[WhiteElo "2085"]
[BlackElo "1770"]
[PlyCount "88"]
[EventDate "2010.07.31"]
[EventType "swiss"]
[EventRounds "9"]
[EventCountry "NOR"]
[SourceTitle "CBM 137 Extra"]
[Source "ChessBase"]
[SourceDate "2010.09.01"]
[SourceVersion "1"]
[SourceVersionDate "2010.09.01"]
[SourceQuality "1"]

1. e4 e5 2. Nf3 Nc6 3. Bc4 Bc5 4. d4 exd4 5. c3 dxc3 6. Bxf7+ Kxf7 7. Qd5+ Ke8 8. Qh5+ Kf8 9. Qxc5+ Qe7 10. Qxc3 Qb4 11. Be3 d6 12. Nd4 Qxc3+ 13. Nxc3 Nxd4 14. Bxd4 Bd7 15. Nd5 c6 16. Nc3 Nf6 17. 0-0-0 Ke7 18. Rhe1 Be6 19. f4 b6 20. e5 dxe5 21. Bxe5 Kf7 22. Bxf6 gxf6 23. Rd6 Bf5 24. Rxc6 Rac8 25. Rxc8 Rxc8 26. Rd1 Ke6 27. Rd4 a6 28. Kd2 h5 29. Ke3 b5 30. a4 bxa4 31. Rxa4 Rc6 32. Ne2 Kd7 33. Nd4 Bc2 34. Ra5 Rc8 35. Rxa6 Ke7 36. Ra7+ Kd6 37. Rf7 Kd5 38. Nxc2 Rxc2 39. Rxf6 Rxg2 40. Rf5+ Ke6 41. Rxh5 Rxb2 42. Kf3 Kf6 43. Re5 Rxh2 44. Ra5 Rb2 1/2-1/2

[Event "Arctic Chess Challenge"]
[Site "Tromsoe"]
[Date "2010.08.02"]
[Round "3"]
[White "Poobalasingam, Peter"]
[Black "Kupfer, Michael"]
[Result "1-0"]
[WhiteElo "2326"]
[BlackElo "2085"]
[PlyCount "63"]
[EventDate "2010.07.31"]
[EventType "swiss"]
[EventRounds "9"]
[EventCountry "NOR"]
[SourceTitle "CBM 137 Extra"]
[Source "ChessBase"]
[SourceDate "2010.09.01"]
[SourceVersion "1"]
[SourceVersionDate "2010.09.01"]
[SourceQuality "1"]

1. d4 Nf6 2. c4 g6 3. g3 Bg7 4. Bg2 0-0 5. Nc3 d6 6. Nf3 Nc6 7. 0-0 a6 8. Qd3 Nd7 9. e4 h6 10. Be3 e5 11. d5 Ne7 12. Nd2 f5 13. f3 f4 14. Bf2 h5 15. g4 Nc5 16. Qe2 Qd7 17. b4 Na4 18. Nxa4 Qxa4 19. c5 Bd7 20. Rfb1 hxg4 21. fxg4 f3 22. Bxf3 Rxf3 23. Qxf3 Bh6 24. Be3 Rf8 25. Qh3 Bf4 26. Rb3 Kg7 27. Bxf4 Rxf4 28. Qc3 Rxg4+ 29. Kh1 Qb5 30. Re1 g5 31. a4 Qxa4 32. Ra3 1-0

[Event "Baden-ch"]
[Site "Haslach im Kinzigtal"]
[Date "2010.05.31"]
[Round "1"]
[White "Kupfer, Michael"]
[Black "Fien, Andreas"]
[Result "1/2-1/2"]
[WhiteElo "2124"]
[BlackElo "1979"]
[PlyCount "30"]
[EventDate "2010.05.31"]
[EventType "swiss"]
[EventRounds "9"]
[EventCountry "GER"]
[SourceTitle "EXT 2011"]
[Source "ChessBase"]
[SourceDate "2010.11.26"]
[SourceVersion "1"]
[SourceVersionDate "2010.11.26"]
[SourceQuality "1"]

1. e4 c6 2. d4 d5 3. Nc3 dxe4 4. Nxe4 Nf6 5. Nxf6+ gxf6 6. c3 Bf5 7. Bd3 Bxd3 8. Qxd3 Nd7 9. Ne2 Qc7 10. Be3 e6 11. 0-0-0 Bd6 12. Kb1 0-0-0 13. Qe4 Nb6 14. Qh4 Be7 15. Qh5 Bd6 1/2-1/2

[Event "Goch op 20th"]
[Site "Goch"]
[Date "2009.10.03"]
[Round "4"]
[White "De Wit, Albert"]
[Black "Kupfer, Michael"]
[Result "0-1"]
[WhiteElo "2025"]
[BlackElo "2133"]
[PlyCount "96"]
[EventDate "2009.10.01"]
[EventType "swiss"]
[EventRounds "7"]
[EventCountry "GER"]
[SourceTitle "EXT 2011"]
[Source "ChessBase"]
[SourceDate "2010.11.26"]
[SourceVersion "1"]
[SourceVersionDate "2010.11.26"]
[SourceQuality "1"]

1. e4 c5 2. g3 g6 3. Bg2 Bg7 4. Ne2 Nc6 5. 0-0 d6 6. c3 e6 7. d3 Nge7 8. Be3 0-0 9. Qd2 Ne5 10. h3 f5 11. f4 Nd7 12. Na3 Nb6 13. Rad1 Rb8 14. Rfe1 Bd7 15. e5 Bc6 16. Bxc6 bxc6 17. exd6 Ned5 18. Bxc5 Na4 19. Bxa7 Rxb2 20. Qc1 Rxa2 21. Bd4 Qxd6 22. Nc4 Bxd4+ 23. Nxd4 Qc5 24. Re5 Naxc3 25. Qxc3 Nxc3 26. Rxc5 Nxd1 27. Rxc6 Nf2 28. Ne5 Nxh3+ 29. Kf1 Rb8 30. Rc1 Rh2 31. Ke1 Rd8 32. Nxe6 Rh1+ 33. Kd2 Rxc1 34. Kxc1 Rc8+ 35. Kd2 Nf2 36. Ke3 Ng4+ 37. Kd4 Nf6 38. Ke3 Ra8 39. d4 Nd5+ 40. Kd3 Ra3+ 41. Kc4 Nf6 42. d5 Rxg3 43. d6 h5 44. d7 Nxd7 45. Nxd7 h4 46. Kd4 h3 47. Ke5 Re3+ 48. Kf6 Rxe6+ 0-1

[Event "Goch op 20th"]
[Site "Goch"]
[Date "2009.10.03"]
[Round "5"]
[White "Kupfer, Michael"]
[Black "Bock, Juergen"]
[Result "0-1"]
[WhiteElo "2133"]
[BlackElo "2281"]
[PlyCount "46"]
[EventDate "2009.10.01"]
[EventType "swiss"]
[EventRounds "7"]
[EventCountry "GER"]
[SourceTitle "EXT 2011"]
[Source "ChessBase"]
[SourceDate "2010.11.26"]
[SourceVersion "1"]
[SourceVersionDate "2010.11.26"]
[SourceQuality "1"]

1. e4 e6 2. d4 d5 3. Nc3 Bb4 4. exd5 exd5 5. Bd3 Ne7 6. Qh5 c5 7. Nf3 c4 8. Be2 Bf5 9. 0-0 0-0 10. Bg5 f6 11. Bf4 Qd7 12. Ne1 Nbc6 13. Rd1 Rae8 14. Qf3 Kh8 15. Be3 a6 16. h4 b5 17. g4 Be6 18. Ng2 f5 19. g5 f4 20. Bc1 Nf5 21. Nxf4 Nfxd4 22. Qh5 Nxe2+ 23. Qxe2 Bxc3 0-1

[Event "Goch op 20th"]
[Site "Goch"]
[Date "2009.10.01"]
[Round "1"]
[White "Kupfer, Michael"]
[Black "Tecklenborg, Georg"]
[Result "1/2-1/2"]
[WhiteElo "2133"]
[BlackElo "1778"]
[PlyCount "95"]
[EventDate "2009.10.01"]
[EventType "swiss"]
[EventRounds "7"]
[EventCountry "GER"]
[SourceTitle "EXT 2011"]
[Source "ChessBase"]
[SourceDate "2010.11.26"]
[SourceVersion "1"]
[SourceVersionDate "2010.11.26"]
[SourceQuality "1"]

1. e4 c5 2. Nf3 d6 3. d4 cxd4 4. Nxd4 Nf6 5. Nc3 g6 6. Be3 Bg7 7. f3 0-0 8. Qd2 Nc6 9. 0-0-0 d5 10. Nxc6 bxc6 11. Bh6 Qb6 12. Bxg7 Kxg7 13. exd5 Rd8 14. Qg5 Rb8 15. b3 Qa5 16. Kb2 Be6 17. h4 cxd5 18. g4 Rdc8 19. Qe5 Qc7 20. Qd4 Qc5 21. g5 Qxd4 22. Rxd4 Nh5 23. Bd3 Rc5 24. Re1 Rbc8 25. Nb5 a6 26. Na3 R8c6 27. c4 dxc4 28. Bxc4 Bxc4 29. Nxc4 Rf5 30. Rxe7 Rxf3 31. Rd8 Re6 32. Ra7 Rf5 33. Nd6 Re2+ 34. Ka3 Rf4 35. Raa8 Nf6 36. gxf6+ Kxf6 37. Rxa6 Rxh4 38. Nc4+ Kg5 39. Rd5+ f5 40. Nd6 Rhh2 41. Nf7+ Kg4 42. Ra4+ Kh5 43. Rc4 Rxa2+ 44. Kb4 Ra7 45. Nd6 Rh3 46. Rb5 Re3 47. Nxf5 gxf5 48. Rxf5+ 1/2-1/2

[Event "Berlin Lichtenberger op 8th"]
[Site "Berlin"]
[Date "2009.08.19"]
[Round "5"]
[White "Ritter, Uwe"]
[Black "Kupfer, Michael"]
[Result "1/2-1/2"]
[WhiteElo "1998"]
[BlackElo "2198"]
[PlyCount "41"]
[EventDate "2009.08.15"]
[EventType "swiss"]
[EventRounds "9"]
[EventCountry "GER"]
[SourceTitle "CBM 131 Extra"]
[Source "ChessBase"]
[SourceDate "2009.09.03"]
[SourceVersion "2"]
[SourceVersionDate "2009.09.16"]
[SourceQuality "1"]

1. f4 d5 2. Nf3 g6 3. g3 Bg7 4. Bg2 Nh6 5. 0-0 0-0 6. d3 c6 7. c3 Nf5 8. Qe1 d4 9. cxd4 Nxd4 10. Nxd4 Qxd4+ 11. Kh1 Na6 12. Na3 Be6 13. Nc2 Qd7 14. Qf2 b6 15. d4 Rad8 16. Rd1 Bh3 17. Bxh3 Qxh3 18. e4 Qe6 19. Qe3 Qd6 20. b3 Rfe8 21. Bb2 1/2-1/2

[Event "Berlin Lichtenberger op 8th"]
[Site "Berlin"]
[Date "2009.08.18"]
[Round "4"]
[White "Kupfer, Michael"]
[Black "Schlittermann, Wolfgang"]
[Result "1-0"]
[WhiteElo "2198"]
[BlackElo "1644"]
[PlyCount "123"]
[EventDate "2009.08.15"]
[EventType "swiss"]
[EventRounds "9"]
[EventCountry "GER"]
[SourceTitle "CBM 131 Extra"]
[Source "ChessBase"]
[SourceDate "2009.09.03"]
[SourceVersion "2"]
[SourceVersionDate "2009.09.16"]
[SourceQuality "1"]

1. e4 c5 2. Nc3 e6 3. f4 d6 4. Nf3 Nc6 5. Bb5 Bd7 6. 0-0 Nge7 7. d4 cxd4 8. Nxd4 Nxd4 9. Bxd7+ Qxd7 10. Qxd4 Nc6 11. Qd3 Nb4 12. Qe2 Be7 13. Rf3 d5 14. exd5 Nxd5 15. Nxd5 Qxd5 16. c4 Qc5+ 17. Be3 Qc6 18. Rg3 g6 19. Kh1 Bc5 20. Bd2 Bd4 21. Bb4 0-0-0 22. Rc1 Rhe8 23. b3 e5 24. fxe5 Bxe5 25. Re3 Bc7 26. Re1 Rxe3 27. Qxe3 Kb8 28. Kg1 f6 29. Qe6 Bb6+ 30. Kf1 Qxe6 31. Rxe6 Bd4 32. Be7 Rg8 33. Ke2 f5 34. Bd6+ Kc8 35. c5 Kd8 36. Kd3 Bb2 37. Re2 Bf6 38. Kc4 Re8 39. Rd2 Re4+ 40. Kd5 Kd7 41. Bb8 a6 42. Ba7 Bc3 43. Rd3 Bg7 44. Bb6 Bf6 45. c6+ bxc6+ 46. Kc5+ Kc8 47. Kxc6 Re2 48. Re3 Rc2+ 49. Bc5 Kd8 50. Rd3+ Ke8 51. a4 Rxg2 52. b4 Rc2 53. Rd6 Kf7 54. Rd7+ Ke6 55. Rd6+ Ke5 56. Kc7 Bg5 57. Rxa6 f4 58. Rc6 Ke4 59. Rd6 Kf5 60. a5 Ra2 61. h4 Bxh4 62. Rd4 1-0

[Event "Berlin Lichtenberger op 8th"]
[Site "Berlin"]
[Date "2009.08.16"]
[Round "2"]
[White "Kupfer, Michael"]
[Black "Kammler, Hans Joachim"]
[Result "1-0"]
[WhiteElo "2198"]
[BlackElo "1276"]
[PlyCount "35"]
[EventDate "2009.08.15"]
[EventType "swiss"]
[EventRounds "9"]
[EventCountry "GER"]
[SourceTitle "CBM 131 Extra"]
[Source "ChessBase"]
[SourceDate "2009.09.03"]
[SourceVersion "2"]
[SourceVersionDate "2009.09.16"]
[SourceQuality "1"]

1. e4 e6 2. d4 d5 3. Nc3 Nf6 4. e5 Nfd7 5. f4 c5 6. Nf3 Qb6 7. Be3 f6 8. Be2 a6 9. 0-0 Be7 10. Na4 Qc6 11. c3 c4 12. b4 b5 13. Nc5 a5 14. a3 a4 15. exf6 Nxf6 16. Ne5 Qd6 17. f5 exf5 18. Bf4 1-0

[Event "Berlin Lichtenberger op 8th"]
[Site "Berlin"]
[Date "2009.08.16"]
[Round "3"]
[White "Lerch, Philipp"]
[Black "Kupfer, Michael"]
[Result "1-0"]
[WhiteElo "1905"]
[BlackElo "2198"]
[PlyCount "69"]
[EventDate "2009.08.15"]
[EventType "swiss"]
[EventRounds "9"]
[EventCountry "GER"]
[SourceTitle "CBM 131 Extra"]
[Source "ChessBase"]
[SourceDate "2009.09.03"]
[SourceVersion "2"]
[SourceVersionDate "2009.09.16"]
[SourceQuality "1"]

1. e4 c5 2. Nc3 g6 3. g3 Bg7 4. Bg2 Nc6 5. d3 d6 6. f4 Bd7 7. Nf3 Rb8 8. Be3 Nd4 9. 0-0 b5 10. Rb1 Qc8 11. e5 Nh6 12. Nxd4 Ng4 13. Qe2 Nxe3 14. Qxe3 cxd4 15. Qxd4 0-0 16. Nd5 Qd8 17. Rfe1 dxe5 18. fxe5 Be6 19. Qc5 Re8 20. Nf4 Qc8 21. Qxc8 Bxc8 22. d4 Rd8 23. c3 Bh6 24. Nd5 Kf8 25. Nb4 Bf5 26. Be4 Bxe4 27. Rxe4 Rbc8 28. Nd3 a5 29. a3 Rc4 30. Rf1 e6 31. Nc5 Kg8 32. Rf3 b4 33. Nb7 bxc3 34. bxc3 Rc7 35. Nxd8 1-0